[Event "CZE-chT2F 2223"]
[Site "Czech Republic"]
[Date "2022.12.04"]
[Round "4"]
[White "Kucera, Tomas2222"]
[Black "Cupek, Martin"]
[Result "0-1"]
[WhiteElo "1948"]
[BlackElo "2100"]
[PlyCount "56"]
[EventDate "2022.10.16"]
[EventType "team-tourn"]
[EventRounds "11"]
[EventCountry "CZE"]
[SourceTitle "EXT 2024"]
[Source "ChessBase"]
[SourceDate "2023.10.10"]
[SourceVersion "1"]
[SourceVersionDate "2023.10.10"]
[SourceQuality "1"]
[WhiteTeam "Dolni Benesov"]
[BlackTeam "Trinec II"]
[WhiteTeamCountry "CZE"]
[BlackTeamCountry "CZE"]

1. e4 d6 2. d4 Nd7 3. Nf3 e5 4. Bc4 c6 5. a4 g6 6. 0-0 Nh6 7. dxe5 dxe5 8. h3 Qe7 9. c3 a5 10. Be3 f6 11. Qc2 Nf7 12. Nbd2 Bg7 13. Rab1 Nc5 14. b4 axb4 15. cxb4 Ne6 16. Bc5 Nxc5 17. Bxf7+ Kxf7 18. bxc5 Ra5 19. Rfc1 Bf8 20. Qc4+ Be6 21. Qb4 Rxc5 22. Rxc5 Qxc5 23. Qxb7+ Be7 24. Nb3 Qb4 25. Qxb4 Bxb4 26. Nbd2 c5 27. Kf1 Ra8 28. Ra1 c4 0-1

[Event "CZE-chT2F 1415"]
[Site "Czech Republic"]
[Date "2015.02.08"]
[Round "7.45"]
[White "Juricek, Stanislav"]
[Black "Cupek, Martin"]
[Result "0-1"]
[WhiteElo "2102"]
[BlackElo "2058"]
[PlyCount "158"]
[EventDate "2014.11.02"]
[EventType "team-tourn"]
[EventRounds "11"]
[EventCountry "CZE"]
[SourceTitle "EXT 2022"]
[Source "ChessBase"]
[SourceDate "2021.10.06"]
[SourceVersion "1"]
[SourceVersionDate "2021.10.06"]
[SourceQuality "1"]
[WhiteTeam "Vsetin"]
[BlackTeam "Mosty u Jablunkova"]
[WhiteTeamCountry "CZE"]
[BlackTeamCountry "CZE"]

1. e4 Nc6 2. Nf3 d5 3. exd5 Qxd5 4. Nc3 Qd6 5. d3 Nf6 6. Be2 g6 7. 0-0 Nd8 8. Ne4 Qb6 9. Nxf6+ Qxf6 10. Be3 Qd6 11. d4 Bg7 12. c3 0-0 13. Qd2 f6 14. Rad1 e6 15. Ne1 e5 16. dxe5 Qxe5 17. Bf3 Bf5 18. Nd3 Qe8 19. Rfe1 Qd7 20. Nc5 Qc8 21. b3 c6 22. Ne4 Nf7 23. Nd6 Nxd6 24. Qxd6 Rd8 25. Qc5 Rxd1 26. Rxd1 Bg4 27. Qc4+ Be6 28. Qd3 a5 29. c4 Qf8 30. Bb6 a4 31. Qe3 Kf7 32. Bc5 Qc8 33. h3 axb3 34. axb3 Bf8 35. Bb6 Qe8 36. Bc5 Bf5 37. Qxe8+ Kxe8 38. Re1+ Kf7 39. Bxf8 Kxf8 40. Re3 Ra1+ 41. Kh2 Rb1 42. Rc3 Ke7 43. Bg4 Be6 44. Rd3 h5 45. Bxe6 Kxe6 46. Kg3 Ke5 47. Kh4 Rg1 48. Rg3 Kf5 49. Rf3+ Ke6 50. Kg3 h4+ 51. Kxh4 Rxg2 52. Rg3 g5+ 53. Kg4 Rxf2 54. Re3+ Kd6 55. Kh5 Kc5 56. Rd3 Rf1 57. Kg6 Rf4 58. Kh5 Rh4+ 59. Kg6 g4 60. hxg4 Rxg4+ 61. Kxf6 Re4 62. Kf7 b5 63. cxb5 cxb5 64. Kf6 Kb4 65. Kf5 Re1 66. Kf4 Ka3 67. Kf3 b4 68. Kf2 Rb1 69. Ke2 Rxb3 70. Rd8 Rc3 71. Kd2 Rc7 72. Rb8 b3 73. Ra8+ Kb2 74. Rd8 Kb1 75. Rd6 Rc2+ 76. Kd1 Ra2 77. Ke1 Ra8 78. Rb6 b2 79. Kd2 Ka2 0-1

[Event "CZE-chT2F 1112"]
[Site "Czech Republic"]
[Date "2011.12.04"]
[Round "4.46"]
[White "Cupek, Martin"]
[Black "Valencik, Jozef"]
[Result "1/2-1/2"]
[WhiteElo "2050"]
[BlackElo "1851"]
[PlyCount "95"]
[EventDate "2011.10.09"]
[EventType "team-tourn"]
[EventRounds "11"]
[EventCountry "CZE"]
[SourceTitle "EXT 2013"]
[Source "ChessBase"]
[SourceDate "2012.11.22"]
[SourceVersion "1"]
[SourceVersionDate "2012.11.22"]
[SourceQuality "1"]
[WhiteTeam "Trinec II"]
[BlackTeam "Havirov Slovan"]
[WhiteTeamCountry "CZE"]
[BlackTeamCountry "CZE"]

1. d3 d5 2. Nd2 Nf6 3. e4 e5 4. c3 Bc5 5. Be2 0-0 6. h3 b6 7. Ngf3 Nbd7 8. 0-0 Bb7 9. Qc2 Bd6 10. Re1 Re8 11. Bf1 Nf8 12. g3 Ng6 13. Bg2 Qd7 14. Nf1 h5 15. Ng5 h4 16. Ne3 hxg3 17. fxg3 Bc5 18. Kh2 Bxe3 19. Bxe3 c5 20. Rf1 d4 21. Bd2 Red8 22. c4 b5 23. b3 Ba6 24. Rf5 Rab8 25. Raf1 Qe7 26. Bc1 bxc4 27. bxc4 Rb6 28. R5f2 Rdb8 29. Nf3 Bc8 30. Kg1 Be6 31. Ng5 Bd7 32. Qe2 Rb1 33. Ba3 Rxf1+ 34. Rxf1 Rb6 35. Qd2 Ra6 36. Bc1 Be8 37. Qe2 Qd7 38. Bf3 Qa4 39. Rf2 Rb6 40. Rf1 Rb1 41. Qd2 Ra1 42. a3 Qb3 43. Bd1 Qb1 44. Bc2 Qb6 45. Qd1 Ne7 46. Kg2 Ra2 47. Rf2 Qa5 48. Bb3 1/2-1/2

[Event "CZE-chT2F 0910"]
[Site "Czech Republic"]
[Date "2010.04.18"]
[Round "11.4"]
[White "Cupek, Martin"]
[Black "Rabatin, Jakub"]
[Result "0-1"]
[WhiteElo "2064"]
[BlackElo "2168"]
[PlyCount "51"]
[EventDate "2009.10.18"]
[EventType "team-tourn"]
[EventRounds "11"]
[EventCountry "CZE"]
[SourceTitle "EXT 2012"]
[Source "ChessBase"]
[SourceDate "2011.11.24"]
[SourceVersion "1"]
[SourceVersionDate "2011.11.24"]
[SourceQuality "1"]
[WhiteTeam "Trinec III"]
[BlackTeam "Frydek Mistek II"]
[WhiteTeamCountry "CZE"]
[BlackTeamCountry "CZE"]

1. Nc3 c5 2. b3 g6 3. h4 Bg7 4. h5 d5 5. Bb2 Nc6 6. Na4 Bxb2 7. Nxb2 Nf6 8. hxg6 fxg6 9. c4 d4 10. Nd3 Qd6 11. f3 Qg3+ 12. Nf2 0-0 13. e4 Nxe4 14. Qe2 Nxf2 15. Qxf2 Qe5+ 16. Qe2 Qf6 17. d3 b5 18. Qd2 bxc4 19. bxc4 Rb8 20. Be2 Ne5 21. Rd1 Ng4 22. Qa5 Ne3 23. Rd2 Qe5 24. Kf2 Ng4+ 25. Ke1 Qg3+ 26. Kd1 0-1

[Event "CZE-chT2F 0910"]
[Site "Czech Republic"]
[Date "2010.03.28"]
[Round "10"]
[White "Cupek, Martin"]
[Black "Podlesny, Pavel"]
[Result "0-1"]
[WhiteElo "2064"]
[BlackElo "2127"]
[PlyCount "103"]
[EventDate "2009.10.18"]
[EventType "team-tourn"]
[EventRounds "11"]
[EventCountry "CZE"]
[SourceTitle "EXT 2012"]
[Source "ChessBase"]
[SourceDate "2011.11.24"]
[SourceVersion "1"]
[SourceVersionDate "2011.11.24"]
[SourceQuality "1"]
[WhiteTeam "Trinec III"]
[BlackTeam "Havirov"]
[WhiteTeamCountry "CZE"]
[BlackTeamCountry "CZE"]

1. Nc3 d5 2. e4 d4 3. Nce2 c5 4. Ng3 e5 5. Bc4 Nc6 6. d3 a6 7. a4 Nf6 8. N1e2 Bd6 9. Nf5 Bxf5 10. exf5 Qd7 11. Ng3 0-0-0 12. Bd2 h5 13. h4 e4 14. Nxe4 Rhe8 15. 0-0 Qxf5 16. Ng5 Ne5 17. Nxf7 Nxc4 18. dxc4 Bh2+ 19. Kxh2 Ng4+ 20. Kg1 Qxf7 21. Bg5 Rd6 22. b3 Rde6 23. Qf3 Qxf3 24. gxf3 Ne5 25. Kg2 Nc6 26. Bd2 Rg6+ 27. Kh3 Re2 28. Bg5 Rxc2 29. Rae1 Rc3 30. Kg3 Rxb3 31. Re8+ Kd7 32. Rfe1 d3 33. Rf8 Nd4 34. Rf7+ Kc6 35. Rd1 b5 36. axb5+ axb5 37. cxb5+ Kxb5 38. f4 c4 39. f5 Rc6 40. Be3 Rd6 41. Kf4 Kc6 42. Rxg7 Ne2+ 43. Kf3 c3 44. Rxd3 Rxd3 45. Kxe2 Rd5 46. Rg6+ Kd7 47. f6 Rb2+ 48. Kf3 Ke6 49. Rg5 Rxg5 50. hxg5 c2 51. g6 Rb3 52. g7 0-1

[Event "Ostrava op"]
[Site "Ostrava"]
[Date "2009.05.03"]
[Round "2"]
[White "Cupek, Martin"]
[Black "Drabek, Miloslav"]
[Result "1-0"]
[WhiteElo "2020"]
[BlackElo "2115"]
[PlyCount "65"]
[EventDate "2009.05.02"]
[EventType "swiss"]
[EventRounds "9"]
[EventCountry "CZE"]
[SourceTitle "EXT 2011"]
[Source "ChessBase"]
[SourceDate "2010.11.26"]
[SourceVersion "1"]
[SourceVersionDate "2010.11.26"]
[SourceQuality "1"]

1. f4 d6 2. b3 Nf6 3. Bb2 g6 4. Nf3 Bg7 5. e3 0-0 6. Be2 c5 7. 0-0 Nc6 8. d4 Nd5 9. Qc1 cxd4 10. exd4 Qb6 11. c3 e5 12. fxe5 dxe5 13. Na3 Nf4 14. Rf2 Nxe2+ 15. Rxe2 Be6 16. Qe3 exd4 17. Nxd4 Nxd4 18. cxd4 Rfd8 19. Rd2 Rac8 20. Kh1 Re8 21. Rf1 Bd5 22. Qd3 Qe6 23. Nb5 a6 24. Nc3 Qd6 25. Ba3 Bxg2+ 26. Rxg2 Qxa3 27. Qf3 f5 28. Na4 Re4 29. Nc5 Rxd4 30. Ne6 Rd7 31. Nxg7 Rxg7 32. Qd5+ Rf7 33. Re2 1-0

[Event "Ostrava Konik op-A"]
[Site "Ostrava"]
[Date "2007.??.??"]
[Round "5"]
[White "Cupek, Martin"]
[Black "Bartos, Jan"]
[Result "1-0"]
[WhiteElo "2060"]
[BlackElo "2195"]
[PlyCount "67"]
[EventDate "2007.05.??"]
[EventType "swiss"]
[EventRounds "9"]
[EventCountry "CZE"]
[SourceTitle "EXT 2010"]
[Source "ChessBase"]
[SourceDate "2010.11.25"]
[SourceVersion "1"]
[SourceVersionDate "2010.11.25"]
[SourceQuality "1"]

1. e4 e5 2. g3 Nc6 3. Bg2 Bc5 4. Ne2 d6 5. c3 Bg4 6. h3 Bh5 7. 0-0 Nf6 8. b4 Bb6 9. a4 a6 10. Na3 0-0 11. Nc4 Ba7 12. Kh2 b5 13. Ne3 Qd7 14. d3 Nd8 15. axb5 axb5 16. f4 exf4 17. gxf4 c6 18. Qe1 g6 19. d4 d5 20. e5 Ne4 21. Ng3 Nxg3 22. Qxg3 f5 23. Rf2 Ne6 24. Rfa2 Qb7 25. Qh4 Bb6 26. Rxa8 Rxa8 27. Rxa8+ Qxa8 28. Nxf5 gxf5 29. Qxh5 Ng7 30. Qh6 Qa1 31. Qxc6 Qxc1 32. Bxd5+ Kf8 33. Qf6+ Ke8 34. Bc6# 1-0

[Event "Ostrava Konik op-A"]
[Site "Ostrava"]
[Date "2007.??.??"]
[Round "9"]
[White "Cupek, Martin"]
[Black "Hromada, Vaclav"]
[Result "0-1"]
[WhiteElo "2060"]
[BlackElo "2125"]
[PlyCount "53"]
[EventDate "2007.05.??"]
[EventType "swiss"]
[EventRounds "9"]
[EventCountry "CZE"]
[SourceTitle "EXT 2010"]
[Source "ChessBase"]
[SourceDate "2010.11.25"]
[SourceVersion "1"]
[SourceVersionDate "2010.11.25"]
[SourceQuality "1"]

1. d4 d5 2. Nf3 Nf6 3. c4 dxc4 4. Nc3 a6 5. a4 Nc6 6. e4 Na5 7. Ne5 e6 8. Nxc4 Bb4 9. f3 c5 10. Be3 0-0 11. Be2 Nxc4 12. Bxc4 cxd4 13. Bxd4 Qc7 14. Qb3 Bc5 15. Bxf6 gxf6 16. 0-0-0 Bd7 17. Kb1 Bc6 18. e5 fxe5 19. Ne4 Be7 20. Rhe1 Rad8 21. Rc1 Rd4 22. Bxe6 fxe6 23. Qxe6+ Kh8 24. Rc3 Qd8 25. Qxe5+ Bf6 26. Nxf6 Qxf6 27. Qc7 0-1

[Event "Karvina op"]
[Site "Karvina"]
[Date "2007.??.??"]
[Round "8"]
[White "Cupek, Martin"]
[Black "Olsar, Jaroslav"]
[Result "0-1"]
[WhiteElo "2043"]
[BlackElo "2279"]
[PlyCount "60"]
[EventDate "2007.07.??"]
[EventType "swiss"]
[EventRounds "9"]
[EventCountry "CZE"]
[SourceTitle "EXT 2010"]
[Source "ChessBase"]
[SourceDate "2010.11.25"]
[SourceVersion "1"]
[SourceVersionDate "2010.11.25"]
[SourceQuality "1"]

1. d4 d5 2. Nf3 Nf6 3. Bg5 Ne4 4. h4 c5 5. dxc5 Nc6 6. c3 Nxc5 7. Nbd2 f6 8. Be3 e5 9. Bxc5 Bxc5 10. b4 Bb6 11. e4 d4 12. cxd4 Bxd4 13. Nxd4 Qxd4 14. a3 Be6 15. Rc1 Rd8 16. Bc4 Bxc4 17. Rxc4 Qd3 18. Rh3 Qd6 19. Rc5 0-0 20. Rd5 Qe7 21. Nb3 Rxd5 22. Qxd5+ Kh8 23. Nc5 Rd8 24. Qe6 Qc7 25. Rg3 Nd4 26. Qa2 b6 27. Nd3 Qc3+ 28. Kd1 Nb3 29. Ke2 Rxd3 30. Qxb3 Rd2+ 0-1

[Event "Karvina op"]
[Site "Karvina"]
[Date "2007.??.??"]
[Round "7"]
[White "Cupek, Martin"]
[Black "Olsarova, Tereza"]
[Result "1-0"]
[WhiteElo "2060"]
[BlackElo "1980"]
[PlyCount "67"]
[EventDate "2007.07.??"]
[EventType "swiss"]
[EventRounds "9"]
[EventCountry "CZE"]
[SourceTitle "EXT 2010"]
[Source "ChessBase"]
[SourceDate "2010.11.25"]
[SourceVersion "1"]
[SourceVersionDate "2010.11.25"]
[SourceQuality "1"]

1. e4 e5 2. b3 Nf6 3. Bb2 Nc6 4. Nc3 Bc5 5. f4 d6 6. f5 0-0 7. Bd3 d5 8. exd5 Nb4 9. Qf3 Nxd3+ 10. cxd3 Bd4 11. Nge2 Qd7 12. Rf1 Rd8 13. Nxd4 exd4 14. Ne4 Nxd5 15. Bxd4 Nf4 16. Bxg7 Nxd3+ 17. Kd1 Kxg7 18. Qh5 Qd4 19. Rb1 Nc5 20. Qg5+ Kh8 21. Nxc5 Rg8 22. Qe7 Bxf5 23. Rxf5 Qg4+ 24. Rf3 Rae8 25. Qxf7 Rgf8 26. h3 Qd4 27. Qh5 Rd8 28. Rxf8+ Rxf8 29. Kc2 b6 30. Nd3 c5 31. Qe5+ Qxe5 32. Nxe5 Rf2 33. Rg1 Kg7 34. Ng4 1-0

[Event "Karvina op"]
[Site "Karvina"]
[Date "2007.??.??"]
[Round "6"]
[White "Frolik, Martin"]
[Black "Cupek, Martin"]
[Result "1-0"]
[WhiteElo "2270"]
[BlackElo "2060"]
[PlyCount "77"]
[EventDate "2007.07.??"]
[EventType "swiss"]
[EventRounds "9"]
[EventCountry "CZE"]
[SourceTitle "EXT 2010"]
[Source "ChessBase"]
[SourceDate "2010.11.25"]
[SourceVersion "1"]
[SourceVersionDate "2010.11.25"]
[SourceQuality "1"]

1. d4 d6 2. Nf3 Nd7 3. c4 e5 4. Nc3 c6 5. g3 g6 6. Bg2 Nh6 7. e4 Bg7 8. d5 c5 9. Rb1 0-0 10. 0-0 Qe7 11. a3 f6 12. b4 Nf7 13. Nb5 Qd8 14. h4 f5 15. Ng5 Nb6 16. Ne6 Qe7 17. Nxf8 Bxf8 18. Qd3 Bd7 19. Rd1 cxb4 20. axb4 a6 21. Na3 Rc8 22. Be3 Na4 23. Rdc1 g5 24. exf5 gxh4 25. Be4 Ng5 26. Bxg5 Qxg5 27. Qe3 Qg4 28. Bc2 hxg3 29. Bxa4 gxf2+ 30. Kh2 Bxa4 31. Qxf2 Qh5+ 32. Kg2 Rc7 33. Rc3 Kh8 34. Rg3 Bd1 35. f6 Bh6 36. Rxd1 Qxd1 37. f7 Rxf7 38. Qxf7 Qe2+ 39. Kh3 1-0